00959nam a22002537a 45000010005000000030006000050050017000110080041000280200018000690400029000870500015001160820011001311000029001422450089001712600040002603000042003005050007003425200204003495210027005535210018005806500029005986500043006277000035006709328FISKH20251211085511.0251211b cb ||||| |||| 00| 0 eng d a9780439900102 aFISKHbengcFISKHdFISKH aSB347 .F38 a635.62 aFaulkner, Megan eAuthor aA day at the pumpkin patch /cText by Megan Faulkner ; Photographs by Adam Krawesky  aNew York :bScholastic Inc. ,c2006 a30 pages :bphotographs ;c21 x 26 cm aG  aA group of children explore and enjoy nature's autumn bounty, including apples, raspberries, gourds, and pumpkins, on a day at a pumpkin patch; describes the parts of a pumpkin and how pumpkins grow.8 a400 bLexile estimate 8 aG bRaz-Plus  aPumpkin patch vPumpkins aPumpkin life cyclevParts of a pumpkin aKrawesky, Adam ePhotographer